000 00221 a2200097 4500
001 57040
100 _a
245 _aWorld Atlas & Encyclopedia
260 _aNew York
_bRandom House
_c2007
090 _c34966
_d34966
942 _aNUST-CAE
_cMONOGRAPH
_c27742
999 _c292113
_d292113